All countries to compete in FIFA Confederations Cup - Statistics

General Stats
  • This quiz has been taken 99 times
  • The average score is 26 of 33
Answer Stats
Answer % Correct
Argentina
98%
Brazil
97%
Chile
96%
France
96%
Mexico
96%
Australia
94%
Germany
93%
Japan
92%
United States
92%
Portugal
91%
New Zealand
90%
Spain
90%
Cameroon
89%
South Korea
88%
Italy
87%
Uruguay
87%
Colombia
84%
Nigeria
83%
Russia
83%
Saudi Arabia
82%
South Africa
81%
Denmark
76%
Canada
72%
Egypt
71%
Greece
69%
Ivory Coast
67%
Iraq
60%
Turkey
59%
Tunisia
57%
Tahiti
56%
Czech Republic
43%
United Arab Emirates
38%
Bolivia
36%
No matching quizzes found
Score Distribution
Percent of People with Each Score
Percentile by Number Answered
Your Score History
You have not taken this quiz